Disney Questions Quiz Stats

 Plays Quiz not verified by Sporcle

Support Sporcle.
Go Orange.
Score 0/10 Timer 02:00
0 Plays Today
Question Answer % Correct
????
100%
????
76.6%
????
71.3%
????
68.3%
????
62.5%
????
54.5%
????
53.1%
????
48.5%
????
37.5%
????
33.1%

You're not logged in!

Compare scores with friends on all Sporcle quizzes.
OR
Log In

From the Vault

Air Travel Corridors (US)

by nrs

And you thought your commute was bad.
Remove Ads.
Support Sporcle.
Get the best of Sporcle when you Go Orange. This ad-free experience offers more features, more stats, and more fun while also helping to support Sporcle. Thank you for becoming a member.

Show Comments

Extras

Created Mar 1, 2012ReportNominate
Tags:Disney Quiz

Top Quizzes Today


Score Distribution

Your Account Isn't Verified!

In order to create a playlist on Sporcle, you need to verify the email address you used during registration. Go to your Sporcle Settings to finish the process.

Report this User

Report this user for behavior that violates our Community Guidelines.

Details: